| 000 | 00455nam a22001577a 4500 | ||
|---|---|---|---|
| 003 | OSt | ||
| 005 | 20260617060631.0 | ||
| 008 | 260617b |||||||| |||| 00| 0 eng d | ||
| 040 | _cDLC | ||
| 050 |
_aREF 220.7 _bG239W |
||
| 082 |
_aREF 220.7 _bG239W |
||
| 245 |
_aWord Biblical Commentary (Song of Songs / Lamentations) _cby Duane Garrett and Paul R. House |
||
| 260 |
_aNashville: _bThomas Nelson Publishers, _c2004. |
||
| 300 | _a478p. | ||
| 942 |
_2ddc _cREF |
||
| 999 |
_c11643 _d11643 |
||